000 00418nam a2200181Ia 4500
001 13721
005 20260306164822.0
008 260306t2014||||xx |||||||||||||| ||spa||
041 _aESP
082 _a005.133C2
_bD234
100 _aDeitel, Paul
_eAUT
245 0 _aCómo programar en C++
260 _c2014
300 _a1016 páginas :
_c26 cm.
650 _aGEN
654 _aCCC
942 _cLIB
_dJUS
_fJUS
_2ddc
_n
999 _c13721
_d13721